| 000 | 00570nam a2200205Ia 4500 | ||
|---|---|---|---|
| 003 | IN-BaIIA | ||
| 008 | 211028s9999 xx 000 0 eng d | ||
| 020 | _a0-8448-1108-4 | ||
| 040 | _cIIA Library | ||
| 080 |
_a531.5 _bCOO |
||
| 100 |
_aCook, A. H _96964 |
||
| 245 | 0 |
_aGravity and the earth _cA. H. Cook |
|
| 260 |
_aLondon _bWykehan Publictaion _c1969 |
||
| 300 | _axi, 95p. | ||
| 490 | _aThe Wykeham science series for school and universities; no. 6 | ||
| 650 | _aAstronomy and astrophysics thesaurus | ||
| 650 | _aEarth | ||
| 650 | _aGravitation | ||
| 942 | _cBK | ||
| 999 |
_c3913 _d3913 |
||